00252nam a2200097Ia 4500008004100000082001500041100002400056245004000080260001900120600001500139241002s9999 xx 000 0 und d a808.83 GIO aGiovanni, Baccaccio 4aThe Decameron of Giovanni Boccaccin aNew York:cN/A aLiterature